00620nam a2200157 4500001000700000003000900007005001700016007000300033008004100036100003800077245014700115260003900262852002200301999001900323952012000342122098ES-MaACL20230906191916.0t|070214s1919 xxu r ||||1| eng d1 aPottenger, Francis Marion.99338910aSymptoms of Visceral Disease b: study of the vegetative nervous system in its relationship to clinical medicine / cFrancis Marion Pottenger. aSt. Louis : bC. V. Mosby, c1919. aES-MaACLjB-11013 c122098d122098 00104070aATENEOMbATENEOMcSPBd2008-01-17eSCl0oB-11013p1127239r2023-02-23 00:00:00w2023-02-23yMONOGRAFIA